Szczegóły MARC21

Partnerstwo i komunikacja w samorządzie terytorialnym : wybrane aspekty zarządzania i finansowania /

003 -Nazwa inst., której nr kontr. jest w polu 001 [,]
    • @
    • Nazwa instytucji, której n kontrolny jest w polu 001
    • NUKAT
005 -DATA I CZAS OSTATNIEJ MODYFIKACJI [,]
    • @
    • pole kontrolne
    • 20241231112134.0
020 -Międzynarod. znormalizowany nr książki - ISBN [ , ]
    • a
    • Numer ISBN
    • 9788365648570 Find
020 -Międzynarod. znormalizowany nr książki - ISBN [ , ]
    • a
    • Numer ISBN
    • 9788365648587 Find
    • q
    • Dopowiedzenie
    • e-book PDF
020 -Międzynarod. znormalizowany nr książki - ISBN [ , ]
    • a
    • Numer ISBN
    • 9788365648594 Find
    • q
    • Dopowiedzenie
    • e-book epub
020 -Międzynarod. znormalizowany nr książki - ISBN [ , ]
    • a
    • Numer ISBN
    • 9788365648600 Find
    • q
    • Dopowiedzenie
    • e-book mobi
040 -Instytucja sporządzająca opis [ , ]
    • a
    • Instytucja, która sporządziła opis (NP)
    • WA M/MKI
    • b
    • Język katalogowania
    • pol
    • e
    • Zasady katalogowania
    • rda
    • c
    • Instytucja, która sporządziła rekord (NP)
    • WA M/MKI
    • d
    • Instytucja, która zmodyfikowała rekord (P)
    • WA M/HB
    • d
    • Instytucja, która zmodyfikowała rekord (P)
    • GD U/AEKs
    • d
    • Instytucja, która zmodyfikowała rekord (P)
    • WA 14/MBs
942 -Rodzaj dokumentu [ , ]
    • c
    • Rodzaj dokumentu
    • Książka
100 -Hasło główne - nazwa osobowa [1, ]
    • a
    • Nazwa osobowa (NP)
    • Kogut-Jaworska, Magdalena.
    • e
    • Rodzaj współpracy
    • Autor
    • 9
    • KHW
    • 21985
245 -Strefa tytułu i oznaczenia odpowiedzialności [1,0]
    • a
    • Tytuł
    • Partnerstwo i komunikacja w samorządzie terytorialnym : Find
    • b
    • Ciąg dalszy tytułu (NP)
    • wybrane aspekty zarządzania i finansowania / Find
    • c
    • Pozostałe elementy strefy tytułu i oznaczenia odpowiedzialności (NP)
    • Magdalena Kogut-Jaworska, Agnieszka Smalec.
250 -Strefa wydania [ , ]
    • a
    • Oznaczenie wydania (NP)
    • Wydanie I.
260 -Strefa adresu wydawniczego [ , ]
    • a
    • Miejsce wydania (P)
    • Kraków ;
    • a
    • Miejsce wydania (P)
    • Legionowo :
    • b
    • Nazwa wydawcy (P)
    • edu-Libri,
    • c
    • Data wydania (P)
    • 2018.
300 -Strefa opisu fizycznego [ , ]
    • a
    • Określenie formy książki i/lub objętość (NP)
    • 121 stron :
    • b
    • Oznaczenie ilustracji (NP)
    • ilustracje ;
    • c
    • Format (NP)
    • 24 cm.
336 -Typ zawartości [ , ]
    • a
    • Termin opisujący typ zawartości
    • Tekst
    • b
    • Kod określający zawartość
    • txt
    • 2
    • Źródło (terminu i kodu)
    • rdacontent
337 -Typ mediów [ , ]
    • a
    • Tryb odtwarzania
    • Bez urządzenia pośredniczącego
    • b
    • Kod typu mediów
    • n
    • 2
    • Źródło (terminu i kodu)
    • rdamedia
338 -Typ/rodzaj nośnika [ , ]
    • a
    • Hasło opisujące typ nośnika
    • Wolumin
    • b
    • Kod typu nośnika
    • nc
    • 2
    • Źródło (terminu i kodu)
    • rdacarrier
380 -Deskryptor - Forma dzieła (P) [ , ]
    • a
    • forma dzieła (NP)
    • Książki
380 -Deskryptor - Forma dzieła (P) [ , ]
    • a
    • forma dzieła (NP)
    • Publikacje naukowe
388 -Deskryptor - czas powstania dzieła (P) [1, ]
    • a
    • Czas powstania dzieła (NP)
    • 2001-
500 -Uwaga ogólna [ , ]
    • a
    • Uwaga ogólna (NP)
    • Na okładce podtytuł: budowanie partnerstwa w samorządzie terytorialnym w powiązaniu z polityką komunikacji z otoczeniem, odpowiednim zarządzaniem i finansowaniem przedsięwzięć.
504 -Uwaga dot. bibliogr. załącznikowej [ , ]
    • a
    • Uwaga dot. bibliografii załącznikowej
    • Bibliografia na stronach 113-121.
536 -Uwaga dot. finansowania książki [ , ]
    • a
    • Tekst uwagi
    • Publikacja została sfinansowana ze środków na utrzymanie potencjału badawczego przyznanych Wydziałowi Zarządzania i Ekonomiki Usług Uniwersytetu Szczecińskiego
650 -Hasło przedmiotowe [ ,7]
    • a
    • Hasło przedmiotowe
    • Samorząd lokalny
    • z
    • Określnik geograficzny
    • Polska
    • x
    • Określnik rzeczowy
    • zarządzanie
    • y
    • Określnik chronologiczny
    • 1990-.
    • 2
    • Źródło terminu
    • kaba
    • 9
    • KHW
    • 363906
650 -Hasło przedmiotowe [ ,7]
    • a
    • Hasło przedmiotowe
    • Samorząd lokalny
    • x
    • Określnik rzeczowy
    • udział mieszkańców
    • z
    • Określnik geograficzny
    • Polska
    • y
    • Określnik chronologiczny
    • 1990-.
    • 2
    • Źródło terminu
    • kaba
    • 9
    • KHW
    • 367806
650 -Hasło przedmiotowe [ ,7]
    • a
    • Hasło przedmiotowe
    • Samorząd lokalny
    • z
    • Określnik geograficzny
    • Polska
    • x
    • Określnik rzeczowy
    • finanse
    • y
    • Określnik chronologiczny
    • 1990-.
    • 2
    • Źródło terminu
    • kaba
    • 9
    • KHW
    • 349798
650 -Hasło przedmiotowe [ ,7]
    • a
    • Hasło przedmiotowe
    • Administracja samorządowa
    • 2
    • Źródło terminu
    • DBN
    • 9
    • KHW
    • 745497
650 -Hasło przedmiotowe [ ,7]
    • a
    • Hasło przedmiotowe
    • Finansowanie
    • 2
    • Źródło terminu
    • DBN
    • 9
    • KHW
    • 744868
650 -Hasło przedmiotowe [ ,7]
    • a
    • Hasło przedmiotowe
    • Komunikacja społeczna
    • 2
    • Źródło terminu
    • DBN
    • 9
    • KHW
    • 723590
650 -Hasło przedmiotowe [ ,7]
    • a
    • Hasło przedmiotowe
    • Komunikacja marketingowa
    • 2
    • Źródło terminu
    • DBN
    • 9
    • KHW
    • 741355
650 -Hasło przedmiotowe [ ,7]
    • a
    • Hasło przedmiotowe
    • Organizacje pozarządowe (NGO)
    • 2
    • Źródło terminu
    • DBN
    • 9
    • KHW
    • 721557
650 -Hasło przedmiotowe [ ,7]
    • a
    • Hasło przedmiotowe
    • Partnerstwo publiczno-prywatne
    • 2
    • Źródło terminu
    • DBN
    • 9
    • KHW
    • 733083
650 -Hasło przedmiotowe [ ,7]
    • a
    • Hasło przedmiotowe
    • Polityka informacyjna
    • 2
    • Źródło terminu
    • DBN
    • 9
    • KHW
    • 744873
650 -Hasło przedmiotowe [ ,7]
    • a
    • Hasło przedmiotowe
    • Polityka regionalna
    • 2
    • Źródło terminu
    • DBN
    • 9
    • KHW
    • 726550
650 -Hasło przedmiotowe [ ,7]
    • a
    • Hasło przedmiotowe
    • Samorząd terytorialny
    • 2
    • Źródło terminu
    • DBN
    • 9
    • KHW
    • 723747
650 -Hasło przedmiotowe [ ,7]
    • a
    • Hasło przedmiotowe
    • Społeczności lokalne
    • 2
    • Źródło terminu
    • DBN
    • 9
    • KHW
    • 721821
650 -Hasło przedmiotowe [ ,7]
    • a
    • Hasło przedmiotowe
    • Współdziałanie
    • 2
    • Źródło terminu
    • DBN
    • 9
    • KHW
    • 722725
650 -Hasło przedmiotowe [ ,7]
    • a
    • Hasło przedmiotowe
    • Zarządzanie strategiczne
    • 2
    • Źródło terminu
    • DBN
    • 9
    • KHW
    • 722727
651 -Hasło przedmiotowe w formie nazwy geograficznej [ ,7]
    • a
    • Nazwa geograficzna
    • Polska
    • 2
    • Źródło terminu
    • DBN
    • 9
    • KHW
    • 721438
655 -Hasło w funkcji tematu formalnego [ ,7]
    • a
    • Hasło
    • Opracowanie
    • 2
    • Źródło terminu
    • DBN
    • 9
    • KHW
    • 721206
658 -Ujęcie treści [ , ]
    • a
    • dziedzina nauki i sztuki/ sfera aktywności życiowej
    • Polityka, politologia, administracja publiczna
658 -Ujęcie treści [ , ]
    • a
    • dziedzina nauki i sztuki/ sfera aktywności życiowej
    • Zarządzanie i marketing
700 -Hasło dodatkowe - nazwa osobowa [1, ]
    • a
    • Nazwa osobowa (NP)
    • Smalec, Agnieszka. Find
    • e
    • Określenie rodzaju współpracy
    • Autor
    • 9
    • KHW
    • 454
710 -Hasło dodatkowe - nazwa ciała zbiorowego [2, ]
    • a
    • Nazwa ciała zbiorowego lub nazwa geograficzna jako pierwszy element (NP)
    • edu-Libri.
    • e
    • Rodzaj współpracy
    • Wydawca
    • 4
    • Kod relacji
    • pbl
    • 9
    • KHW
    • 90568
920 -ISBN [ , ]
    • a
    • ISBN
    • 978-83-65648-57-0 Find
920 -ISBN [ , ]
    • a
    • ISBN
    • 978-83-65648-58-7 Find
    • q
    • Dopowiedzenie
    • e-book PDF
920 -ISBN [ , ]
    • a
    • ISBN
    • 978-83-65648-59-4 Find
    • q
    • Dopowiedzenie
    • e-book epub
920 -ISBN [ , ]
    • a
    • ISBN
    • 978-83-65648-60-0 Find
    • q
    • Dopowiedzenie
    • e-book mobi
Lokalizacja Data inwentaryzacji Status udost. Numer inwentarzowy Sygnatura
BE2018-10-25-2E.78594 
T2018-09-03-2T.20457T.20457
T2018-09-03-2TM.14240TM.14240
T2018-10-16-3TM.14271TM.14271
T2018-10-16-3TM.14272TM.14272